Menový program NBS na rok 2004

Banková rada Národnej banky Slovenska schválila 19.12.2003 Menový program NBS na rok 2004 a strednodobý výhľad na roky 2005-2007.

Gespeichert in:
Bibliographische Detailangaben
Format: Buchkapitel
Sprache:Slowakisch
Schlagworte:
Tags: Tag hinzufügen
Keine Tags, Fügen Sie das erste Tag hinzu!

MARC

LEADER 00000naa$a2200000$$$4500
001 0003855
005 20200923115709.5
041 0 |a slo 
044 |a SK 
245 1 0 |a Menový program NBS na rok 2004 
520 |a Banková rada Národnej banky Slovenska schválila 19.12.2003 Menový program NBS na rok 2004 a strednodobý výhľad na roky 2005-2007. 
610 2 0 |a program menový 
610 2 0 |a vývoj hospodársky 
610 2 0 |a rast hospodársky 
610 2 0 |a Slovensko